00642nam a2200205Ia 450000500170000000800410001702000140005804000190007204100120009108200190010310000200012224500570014226000250019930000120022450400500023685000100028694200070029699900160030395201170031920230428141048.0131103s9999 xx 000 0 und d a500150125 aLoreto College aEnglish a823.8bDIC-HOB aHobsbaum,Philip 2aA reader's guide to Charles DickenscPhilip Hobsbaum aLondonbThamesc1977 a318 p.  aIncludes bibliographical references and index aLCLIB cBK c5324d55803 00102ddc4070aMAINbMAINd2013-11-04l1o823.8 DIC-HOB 26788pB5191r2014-12-17s2014-12-10w2013-11-04yBKf